000 01061nam0a22002771 4500
001 rc\439031
005 20250621084614.0
035 _a(NLR Aleph) 005685320
090 _a7117991
_c7117991
100 _a20030616d1987 |||y0rusy50 ca
101 0 _arus
102 _aRU
105 _aa |||||||||
200 1 _aПострелочно-взрывные работы в скважинах
_e[Учеб. для вузов по спец. "Геофиз. методы поисков и разведки меторождений полез. ископаемых"]
210 _aМ.
_cНедра
_d1987
215 _a213, [1] с.
_cил.
_d21
225 1 _aВысшее образование
320 _aБиблиогр.: с. 210 (8 назв.)
320 _aПредм. указ.: с. 211-212
700 1 _4070
_7ca
_8rus
_aЛовля
_bС. А.
_f1914-2006
_gСергей Александрович
_92641185
_3RU\NLR\AUTH\770272001
801 0 _aRU
_bNLR
_gpsbo
801 1 _aRU
_bELAR
_2rusmarc
852 _aNLR
_j88-5/491
942 _cBOOK
980 _aNB